00486nam a2200157 i 4500001000400000100001700004245007200021260004600093300002900139650005900168700002900227020001500256040000800271041000800279008004100287bgj1 aVINEY, Peter10aIn English :bstarter : student's book /cPeter Viney, Karen Viney. aOxford :bOxford University Press,c2002. a223 pp :bill. ;c28 cm. 9aEnglish languagexTextbooks for foreignersxElementary1 aVINEY, Karen.eco-author a0194340503 cBPK0 aeng s uk f |000 0 eng